000 00292nam a22001337a 4500
008 181008b xxu||||| |||| 00| 0 eng d
020 _a9780471454762
041 _aeng
080 _28th
_a338
100 _a54
101 _aMEN
245 _aManagement
_cSchermerhorn,J.R
942 _2udc
_cBK
999 _c48994
_d48994